000 nam a22 7a 4500
999 _c7962
_d7962
008 171118b xxu||||| |||| 00| 0 eng d
100 _94419
_aNCERT
245 _aPHYSICS EXEMPLAR PROBLEMS-XII
260 _aNEW DELHI
_bNCERT
_c2016